Statistics for Planet of the Apes Movies

Click here to take the quiz!

General Stats

  • This quiz has been taken 53 times
  • The average score is 7 of 9

Answer Stats

YearTitleBox Office% Correct
1968Planet of the Apes$33.4 Million
98%
2001Planet of the Apes$362.2 Million
98%
2011Rise of the Planet of the Apes$481.8 Million
78%
2017War for the Planet of the Apes$490.7 Million
78%
2014Dawn of the Planet of the Apes$235 Million
73%
1973Battle for the Planet of the Apes$8.8 Million
68%
1970Beneath the Planet of the Apes$19 Million
61%
1972Conquest of the Planet of the Apes$9.7 Million
61%
1971Escape from the Planet of the Apes$12.3 Million
56%

Score Distribution

Percentile by Number Answered

Percent of People with Each Score

Your Score History

You have not taken this quiz